[Event "World Rapid 2019"]
[Site "Moscow RUS"]
[Date "2019.12.27"]
[Round "9.98"]
[White "Yagupov, Igor"]
[Black "Lam, Daniel King Wai"]
[Result "1-0"]
[WhiteTitle "GM"]
[BlackTitle "FM"]
[WhiteElo "2357"]
[BlackElo "2110"]
[WhiteFideId "4113632"]
[BlackFideId "6001238"]
[EventDate "2019.12.26"]

1. e4 c5 2. Nf3 d6 3. d4 cxd4 4. Nxd4 Nf6 5. Nc3 a6 6. f3 e5 7. Nb3 Be6 8. Be3
Be7 9. Qd2 Nbd7 10. g4 b5 11. g5 b4 12. Ne2 Nh5 13. Ng3 Nf4 14. h4 h6 15. Bxf4
exf4 16. Nh5 hxg5 17. Nxg7+ Kf8 18. Nxe6+ fxe6 19. Nd4 Nc5 20. Nc6 Qb6 21. Nxe7
Kxe7 22. O-O-O Raf8 23. Qg2 gxh4 24. Qg5+ Kd7 25. Rxh4 Rhg8 26. Rh7+ Kc6 27.
Qd5+ exd5 28. exd5# 1-0

[Event "World Rapid 2019"]
[Site "Moscow RUS"]
[Date "2019.12.27"]
[Round "9.99"]
[White "Novikov, Stanislav"]
[Black "Usov, Aleksandr E."]
[Result "1/2-1/2"]
[WhiteTitle "GM"]
[WhiteElo "2531"]
[BlackElo "2012"]
[WhiteFideId "4125371"]
[BlackFideId "24257109"]
[EventDate "2019.12.26"]

1. g3 d5 2. Bg2 Nf6 3. d3 c6 4. Nd2 g6 5. Ngf3 Bg7 6. O-O O-O 7. c3 Nbd7 8. Qc2
Re8 9. Re1 e6 10. e4 Nb6 11. d4 dxe4 12. Nxe4 Nxe4 13. Qxe4 Nd5 14. Ne5 Qc7 15.
Qh4 b6 16. Ng4 Qe7 17. Bg5 f6 18. Bd2 Bd7 19. Re2 Qf8 20. Rae1 h5 21. Ne3 Nxe3
22. Rxe3 f5 23. R3e2 Bf6 24. Bg5 Kg7 25. Bxf6+ Qxf6 26. Qf4 Rac8 27. h4 Kh7 28.
Re5 Rg8 29. Bf3 g5 30. hxg5 Qxg5 31. Qxg5 Rxg5 32. Kg2 Kg6 33. Rh1 Rh8 34. Rh4
Rh7 35. Be2 Kf6 36. f4 Rg8 37. Rxh5 Rxh5 38. Bxh5 Rh8 39. Bf3 Rc8 40. Kf2 Rh8
41. Kg2 Rc8 42. Re1 Re8 43. Kf2 Rc8 44. Rh1 Kg6 45. Ke3 Rg8 46. Rh4 Kf6 47. Rh7
Rg7 48. Rxg7 Kxg7 49. c4 Kf6 50. Kd3 Ke7 51. Kc3 Kd6 52. g4 fxg4 53. Bxg4 Bc8
54. b4 b5 55. c5+ Ke7 56. d5 cxd5 57. Kd4 e5+ 58. Kxd5 Bxg4 59. Kxe5 Be6 60. a3
a6 61. f5 Bf7 62. c6 Bh5 63. f6+ Kf7 64. Kd6 Kxf6 65. Kc7 Ke7 66. Kb8 Bg4 67. c7
Kd6 68. c8=Q Bxc8 69. Kxc8 Kc6 70. Kb8 Kb6 71. Kc8 a5 72. Kd7 axb4 73. axb4 1/2-1/2

[Event "World Rapid 2019"]
[Site "Moscow RUS"]
[Date "2019.12.27"]
[Round "9.100"]
[White "Al Mutairi, Hassan S"]
[Black "Al Nhier, Hamoud"]
[Result "1/2-1/2"]
[WhiteTitle "CM"]
[BlackTitle "FM"]
[WhiteElo "1883"]
[BlackElo "1934"]
[WhiteFideId "21500193"]
[BlackFideId "21500045"]
[EventDate "2019.12.26"]

1. e4 Nc6 2. Nf3 e5 3. Bb5 Nf6 4. d3 d6 5. c3 g6 6. Nbd2 Bg7 7. Nf1 O-O 8. Ng3
d5 9. Bxc6 bxc6 10. Nxe5 dxe4 11. d4 c5 12. Be3 cxd4 13. Qxd4 Ba6 14. O-O-O Qe7
15. Nc6 Qe6 16. Qa4 Bd3 17. Rhe1 Nd5 18. Bc5 1/2-1/2

[Event "World Rapid 2019"]
[Site "Moscow RUS"]
[Date "2019.12.27"]
[Round "9.101"]
[White "Al Thebaiti, Ahmed M"]
[Black "Masrahi, Abdulrahman A"]
[Result "1/2-1/2"]
[WhiteTitle "CM"]
[BlackTitle "CM"]
[WhiteElo "1976"]
[BlackElo "1956"]
[WhiteFideId "21502390"]
[BlackFideId "21501564"]
[EventDate "2019.12.26"]

1. e4 e5 2. Nf3 Nc6 3. Bc4 Bc5 4. c3 Nf6 5. d4 exd4 6. cxd4 Bb4+ 7. Bd2 Bxd2+ 8.
Nbxd2 d5 9. exd5 Nxd5 10. Qb3 Nce7 11. O-O O-O 12. Rac1 Nb6 13. Ne4 Nxc4 14.
Qxc4 Nd5 15. Nc3 Nxc3 16. Qxc3 c6 17. Ne5 1/2-1/2

[Event "World Rapid 2019"]
[Site "Moscow RUS"]
[Date "2019.12.27"]
[Round "9.102"]
[White "Krsnik Cohar, Ivan Vihor"]
[Black "Al Ghamdi, Ahmed M"]
[Result "1-0"]
[WhiteTitle "FM"]
[BlackTitle "CM"]
[WhiteElo "2313"]
[BlackElo "2107"]
[WhiteFideId "14520044"]
[BlackFideId "21500150"]
[EventDate "2019.12.26"]

1. d4 Nf6 2. Bg5 d5 3. e3 c5 4. c3 Nc6 5. Nf3 Qb6 6. Qb3 c4 7. Qc2 Ne4 8. Bf4
Bf5 9. Qc1 h6 10. Nbd2 g5 11. Bg3 Bg7 12. Nxe4 Bxe4 13. Be2 f6 14. O-O h5 15. h4
Bh6 16. hxg5 fxg5 17. Ne5 Bg7 18. f3 Nxe5 19. fxe4 Ng4 20. exd5 O-O-O 21. e4 Nf6
22. Qxg5 h4 23. Rxf6 Bxf6 24. Bg4+ Rd7 25. Bxd7+ Kxd7 26. Qg4+ Kd8 27. Bf2 Qxb2
28. Rf1 Qd2 29. e5 Qg5 30. Qxg5 Bxg5 31. Rb1 b6 32. Rb4 h3 33. gxh3 Rxh3 34.
Rxc4 Rd3 35. Ra4 a5 36. c4 Bd2 37. Kf1 Bb4 38. Ke2 Rd2+ 39. Ke3 Rc2 40. a3 Rc3+
41. Ke4 Bxa3 42. c5 bxc5 43. Rxa5 cxd4 44. Bxd4 Rb3 45. Ra8+ Kc7 46. Ra7+ Kd8
47. d6 exd6 48. e6 Bb2 49. Bf2 Bf6 50. Rd7+ Ke8 51. Rxd6 Rb5 52. Bg3 Rg5 53. Bf4
Ra5 54. Rb6 Ke7 55. Bd6+ 1-0

[Event "World Rapid 2019"]
[Site "Moscow RUS"]
[Date "2019.12.27"]
[Round "10.7"]
[White "Aronian, Levon"]
[Black "Zubov, Alexander"]
[Result "1-0"]
[WhiteTitle "GM"]
[BlackTitle "GM"]
[WhiteElo "2775"]
[BlackElo "2601"]
[WhiteFideId "13300474"]
[BlackFideId "14109409"]
[EventDate "2019.12.26"]

1. e4 Nc6 2. Nf3 d6 3. d4 Nf6 4. d5 Ne5 5. Nxe5 dxe5 6. Nc3 g6 7. Bc4 Bg7 8. Be3
a6 9. a4 Ng4 10. Bc5 b6 11. Ba3 O-O 12. Qe2 Bh6 13. Na2 a5 14. Nc3 Nf6 15. O-O
Ne8 16. Bb5 Nd6 17. Bc6 Rb8 18. Nb5 Bg7 19. c4 f5 20. f3 h5 21. b4 axb4 22. Bxb4
fxe4 23. fxe4 Bg4 24. Qd3 Rf4 25. a5 bxa5 26. Bxa5 Nxb5 27. cxb5 Qd6 28. Qc4
Rbf8 29. Rxf4 exf4 30. Bxc7 Qf6 31. e5 Qg5 32. d6+ Kh7 33. dxe7 Qxe7 34. Bd6 Qd8
35. Bxf8 Qxf8 36. h3 Bf5 37. Ra7 Qb8 38. Qf7 Qxe5 39. Qxg7+ Qxg7 40. Rxg7+ Kxg7
41. b6 1-0

[Event "World Rapid 2019"]
[Site "Moscow RUS"]
[Date "2019.12.27"]
[Round "10.8"]
[White "Artemiev, Vladislav"]
[Black "Sjugirov, Sanan"]
[Result "1/2-1/2"]
[WhiteTitle "GM"]
[BlackTitle "GM"]
[WhiteElo "2731"]
[BlackElo "2665"]
[WhiteFideId "24101605"]
[BlackFideId "4189302"]
[EventDate "2019.12.26"]

1. Nf3 d5 2. b3 c5 3. e3 Nf6 4. Bb2 g6 5. c4 dxc4 6. Bxc4 Bg7 7. O-O O-O 8. d4
cxd4 9. Nxd4 Bd7 10. Nd2 Nc6 11. N2f3 Nxd4 12. Qxd4 Bc6 13. Ne5 Qxd4 14. Bxd4
Bd5 15. Be2 Rfc8 16. Rfd1 Ne4 17. Nxg6 hxg6 18. Bxg7 Kxg7 19. Rxd5 Nc3 20. Rd2
Rd8 21. Rc2 Nxe2+ 22. Rxe2 Rac8 23. Kf1 g5 24. h3 Rc6 25. Ke1 Rdc8 26. Rd1 R8c7
27. Red2 f6 28. Ke2 Kf7 29. Rd4 Ke6 30. R1d2 Rc1 31. Kf3 Kf5 32. Rd7 a6 33. a4
Ke6 34. R7d4 R1c3 35. Re4+ Kf7 36. Rb4 R3c5 37. Kg3 b5 38. axb5 Rb7 39. Ra4
Rcxb5 40. Rxa6 Rxb3 41. Raa2 R3b4 42. f4 Rb3 43. Kf2 gxf4 44. exf4 R7b4 45. g3
Rc3 46. Rac2 Ra3 47. Rb2 Rc4 48. Rbc2 Rb4 49. Rb2 1/2-1/2

[Event "World Rapid 2019"]
[Site "Moscow RUS"]
[Date "2019.12.27"]
[Round "10.10"]
[White "Karjakin, Sergey"]
[Black "Antipov, Mikhail Al."]
[Result "1-0"]
[WhiteTitle "GM"]
[BlackTitle "GM"]
[WhiteElo "2754"]
[BlackElo "2549"]
[WhiteFideId "14109603"]
[BlackFideId "4107012"]
[EventDate "2019.12.26"]

1. e4 e5 2. Nf3 Nc6 3. Bc4 Bc5 4. c3 Nf6 5. d3 d6 6. O-O h6 7. Nbd2 O-O 8. Re1
a5 9. Nf1 Be6 10. Bb5 Bb6 11. Ng3 Ne7 12. d4 Ng6 13. h3 c6 14. Bd3 Bc7 15. Be3
a4 16. Qd2 Re8 17. Qc2 b5 18. c4 b4 19. Rad1 Qb8 20. Qc1 Kh7 21. b3 axb3 22.
axb3 Ra3 23. Bc2 Qb7 24. Nf5 Bxf5 25. exf5 Nf8 26. dxe5 dxe5 27. Nd2 N8d7 28.
Ne4 Re7 29. Bxh6 Nxe4 30. Bxg7 Kxg7 31. Rxe4 Bb6 32. Rg4+ 1-0

[Event "World Rapid 2019"]
[Site "Moscow RUS"]
[Date "2019.12.27"]
[Round "10.11"]
[White "Chigaev, Maksim"]
[Black "Andreikin, Dmitry"]
[Result "0-1"]
[WhiteTitle "GM"]
[BlackTitle "GM"]
[WhiteElo "2631"]
[BlackElo "2724"]
[WhiteFideId "4108116"]
[BlackFideId "4158814"]
[EventDate "2019.12.26"]

1. e4 e6 2. d4 d5 3. Nc3 Bb4 4. e5 c5 5. a3 Bxc3+ 6. bxc3 Qa5 7. Bd2 Qa4 8. Qg4
Kf8 9. Qd1 Ne7 10. Nf3 b6 11. c4 Ba6 12. cxd5 Bxf1 13. d6 Ba6 14. dxe7+ Kxe7 15.
dxc5 Qe4+ 16. Be3 Rd8 17. Nd2 Qxg2 18. Qf3 Qxf3 19. Nxf3 Bb7 20. Ke2 Ba6+ 21.
Ke1 Bb7 22. Ke2 Nd7 23. Rhg1 Kf8 24. cxb6 axb6 25. Bd4 Ra4 26. c3 Rda8 27. Ng5
Kg8 28. h4 Rxa3 29. Rxa3 Rxa3 30. Ke3 h6 31. Nh3 Ra5 32. f4 Ra2 33. f5 Rh2 34.
Nf4 Rxh4 35. fxe6 fxe6 36. Nxe6 g5 37. Nd8 Bd5 38. c4 Re4+ 39. Kd3 Nxe5+ 40.
Bxe5 Rxe5 41. Kd4 Re8 42. cxd5 Rxd8 43. Ke5 Kf7 44. d6 Re8+ 45. Kd5 Re2 46. Rf1+
Ke8 47. Rh1 Kd7 48. Rxh6 Rd2+ 49. Ke5 Kc6 50. d7+ Kc7 51. Rg6 Rxd7 52. Rxg5 b5
53. Ke4 Kb6 54. Ke3 Ka5 55. Ke2 Ka4 0-1

[Event "World Rapid 2019"]
[Site "Moscow RUS"]
[Date "2019.12.27"]
[Round "10.12"]
[White "Giri, Anish"]
[Black "Grachev, Boris"]
[Result "1/2-1/2"]
[WhiteTitle "GM"]
[BlackTitle "GM"]
[WhiteElo "2769"]
[BlackElo "2614"]
[WhiteFideId "24116068"]
[BlackFideId "4129199"]
[EventDate "2019.12.26"]

1. e4 c5 2. Nf3 e6 3. d4 cxd4 4. Nxd4 Nf6 5. Nc3 Nc6 6. Nxc6 bxc6 7. e5 Nd5 8.
Ne4 Bb7 9. Be2 c5 10. O-O Qc7 11. Nd6+ Bxd6 12. exd6 Qc6 13. f3 c4 14. Qd4 O-O
15. Bxc4 Qxd6 16. Rd1 Rfc8 17. b3 Qb6 18. Qxb6 Nxb6 19. Bd3 a5 20. Bd2 Nd5 21.
c4 Nb4 22. Bf1 d5 23. Rdc1 dxc4 24. bxc4 Ba6 25. a3 Nc6 26. Rab1 Ne5 27. c5 Bxf1
28. Kxf1 f6 29. Ke2 Ra7 30. Be3 Nc6 31. Rd1 Kf7 32. Bf2 Rac7 33. Rb6 e5 34. Rd6
Nd4+ 35. Bxd4 exd4 36. c6 Ke7 37. Rxd4 Rxc6 38. Rb7+ R8c7 39. Rxc7+ Rxc7 40. Rd5
a4 41. Rd4 Ra7 42. h4 h5 43. g4 hxg4 44. fxg4 Ke6 45. Ke3 f5 46. Kf4 fxg4 47.
Kxg4 Kf7 48. Rf4+ Kg6 49. Rb4 Ra6 50. Kf4 Kh5 51. Ke5 g5 52. hxg5 Kxg5 53. Kd5
Kf6 54. Re4 Rb6 55. Kc5 Re6 56. Rxa4 Ke7 57. Rd4 Re5+ 58. Kb6 Re6+ 59. Kb7 Re1
60. Kb6 Rb1+ 61. Rb4 Ra1 62. a4 Kd7 63. Kb7 Kd6 64. Kb6 Kd7 65. Kb7 Kd6 66. Kb6 1/2-1/2

[Event "World Rapid 2019"]
[Site "Moscow RUS"]
[Date "2019.12.27"]
[Round "10.13"]
[White "Cheparinov, Ivan"]
[Black "Svidler, Peter"]
[Result "0-1"]
[WhiteTitle "GM"]
[BlackTitle "GM"]
[WhiteElo "2687"]
[BlackElo "2723"]
[WhiteFideId "2905540"]
[BlackFideId "4102142"]
[EventDate "2019.12.26"]

1. d4 Nf6 2. c4 g6 3. Nf3 Bg7 4. Nc3 d5 5. Bg5 Ne4 6. Bf4 Nxc3 7. bxc3 dxc4 8.
e3 Be6 9. Qb1 b6 10. Ng5 Bd5 11. e4 Bb7 12. Bxc4 O-O 13. h4 Ba6 14. Bxa6 Nxa6
15. h5 e5 16. hxg6 hxg6 17. dxe5 Nc5 18. O-O Qd3 19. Qc1 Nxe4 20. Rd1 Qe2 21.
Nxe4 Qxe4 22. Rd4 Qf5 23. Qe3 Rfe8 24. Re1 Re7 25. Bg3 Rae8 26. Re4 c5 27. Qe2
Rd7 28. Re3 Red8 29. Bh4 Rd2 30. Bxd8 Rxe2 31. R1xe2 Qb1+ 32. Kh2 Bh6 33. e6
fxe6 34. Rxe6 Bf8 35. Be7 Bg7 36. Bg5 Bf8 37. f4 c4 38. R2e4 Bc5 39. Rxg6+ Kf7
40. Rf6+ Kg7 41. Rfe6 Bf2 42. Bf6+ Kf7 43. Bd4 Qg1+ 44. Kh3 Qh1+ 45. Kg4 Qxg2+
46. Kf5 Qh3+ 0-1

[Event "World Rapid 2019"]
[Site "Moscow RUS"]
[Date "2019.12.27"]
[Round "10.14"]
[White "Sargissian, Gabriel"]
[Black "Dreev, Aleksey"]
[Result "1/2-1/2"]
[WhiteTitle "GM"]
[BlackTitle "GM"]
[WhiteElo "2689"]
[BlackElo "2677"]
[WhiteFideId "13300881"]
[BlackFideId "4100107"]
[EventDate "2019.12.26"]

1. d4 d5 2. c4 c6 3. Nf3 Nf6 4. e3 Bg4 5. h3 Bh5 6. g4 Bg6 7. Qb3 Qb6 8. Ne5 e6
9. Nd2 Qxb3 10. axb3 Bb4 11. Nxg6 hxg6 12. Bg2 Ne4 13. Ra4 Bxd2+ 14. Bxd2 Nxd2
15. Kxd2 Nd7 16. f4 a6 17. Raa1 Ke7 18. h4 Rh7 1/2-1/2

[Event "World Rapid 2019"]
[Site "Moscow RUS"]
[Date "2019.12.27"]
[Round "10.15"]
[White "Anton Guijarro, David"]
[Black "Aravindh, Chithambaram VR."]
[Result "1-0"]
[WhiteTitle "GM"]
[BlackTitle "GM"]
[WhiteElo "2685"]
[BlackElo "2605"]
[WhiteFideId "2285525"]
[BlackFideId "5072786"]
[EventDate "2019.12.26"]

1. Nf3 Nf6 2. c4 e6 3. g3 d5 4. Bg2 Be7 5. O-O O-O 6. b3 c5 7. cxd5 Nxd5 8. Bb2
Nc6 9. d4 cxd4 10. Nxd4 Nxd4 11. Qxd4 Bf6 12. Qd2 Ne3 13. Qxd8 1-0

[Event "World Rapid 2019"]
[Site "Moscow RUS"]
[Date "2019.12.27"]
[Round "10.17"]
[White "Adhiban, Baskaran"]
[Black "Gelfand, Boris"]
[Result "1/2-1/2"]
[WhiteTitle "GM"]
[BlackTitle "GM"]
[WhiteElo "2654"]
[BlackElo "2684"]
[WhiteFideId "5018471"]
[BlackFideId "2805677"]
[EventDate "2019.12.26"]

1. d4 Nf6 2. c4 e6 3. Nc3 Bb4 4. e3 O-O 5. Bd2 c5 6. a3 Bxc3 7. Bxc3 Ne4 8. Rc1
d6 9. Bd3 Nxc3 10. Rxc3 Nc6 11. dxc5 dxc5 12. Nf3 Qe7 13. Be4 Bd7 14. O-O Rfd8
15. Qb1 h6 16. Rd1 Be8 17. h3 Rxd1+ 18. Qxd1 Rd8 19. Rd3 Rxd3 20. Qxd3 Qc7 1/2-1/2

[Event "World Rapid 2019"]
[Site "Moscow RUS"]
[Date "2019.12.27"]
[Round "10.18"]
[White "Korobov, Anton"]
[Black "Predke, Alexandr"]
[Result "1-0"]
[WhiteTitle "GM"]
[BlackTitle "GM"]
[WhiteElo "2668"]
[BlackElo "2676"]
[WhiteFideId "14105730"]
[BlackFideId "24107581"]
[EventDate "2019.12.26"]

1. d4 Nf6 2. c4 e6 3. Nf3 b6 4. g3 Bb7 5. Bg2 Bb4+ 6. Bd2 c5 7. dxc5 Bxc5 8. Nc3
O-O 9. O-O d5 10. cxd5 Nxd5 11. Rc1 Nd7 12. Qa4 N7f6 13. Rfd1 Qe7 14. Nxd5 Bxd5
15. b4 Bd6 16. Nd4 Bxg2 17. Kxg2 Rfc8 18. Qa6 Rxc1 19. Rxc1 Qd7 20. Be1 h5 21.
Nc6 e5 22. Qc4 a6 23. a4 Qb7 24. b5 axb5 25. axb5 Bc5 26. Rd1 Re8 27. h3 Qc8 28.
e4 h4 29. Bc3 Qe6 30. Qxe6 Rxe6 31. Rd8+ Kh7 32. f3 Nh5 33. Nxe5 f6 34. Nd3 hxg3
35. Nxc5 bxc5 36. Bd2 f5 37. Rd5 g6 38. e5 c4 39. Rc5 f4 40. Ba5 c3 41. b6 c2
42. b7 Rxe5 43. b8=Q Rxc5 44. Qa7+ 1-0

[Event "World Rapid 2019"]
[Site "Moscow RUS"]
[Date "2019.12.27"]
[Round "10.20"]
[White "Andriasian, Zaven"]
[Black "Fedoseev, Vladimir3"]
[Result "1/2-1/2"]
[WhiteTitle "GM"]
[BlackTitle "GM"]
[WhiteElo "2611"]
[BlackElo "2677"]
[WhiteFideId "13302000"]
[BlackFideId "24130737"]
[EventDate "2019.12.26"]

1. e4 c5 2. Nf3 d6 3. d4 cxd4 4. Nxd4 Nf6 5. Nc3 a6 6. h3 g6 7. g4 Bg7 8. Bg2
O-O 9. Be3 Nc6 10. O-O Nd7 11. Qd2 Nxd4 12. Bxd4 Bxd4 13. Qxd4 g5 14. Nd5 Ne5
15. Rad1 Be6 16. Qe3 f6 17. f4 gxf4 18. Rxf4 Rf7 19. c3 Rg7 20. Rf2 Kh8 21. a3
Qg8 22. Nf4 Bf7 23. Nd3 Nc4 24. Qh6 Rg6 25. Qh4 Qg7 26. Nf4 Rg5 27. Re1 Rb5 28.
Bf1 Rc8 29. Bxc4 Rxc4 30. Rfe2 Re5 31. Nd3 Rg5 32. Rg2 Bg6 33. Rge2 Bf7 34. Rg2
d5 35. exd5 Bxd5 36. Rg3 e5 37. Nf2 h5 38. Rd1 Bc6 39. Rgd3 Qg6 40. Kh2 Kg7 41.
Qg3 hxg4 42. hxg4 Rf4 43. Qh4 Kf7 44. R1d2 Ke6 45. Rd6+ Ke7 46. R6d3 Qg7 47. Rh3
Bd7 48. Rhd3 Be6 49. Qh3 e4 50. Rd4 Re5 51. Re2 Rf3 52. Qh4 e3 53. Nd3 Rg5 54.
Ne1 Rf2+ 55. Rxf2 exf2 56. Qxf2 Rxg4 57. Rxg4 Qxg4 58. Ng2 Qh5+ 59. Kg1 Bd5 60.
Qc5+ Kd7 61. Ne3 Qh1+ 62. Kf2 Qh2+ 63. Ke1 Bc6 64. Qf5+ Kc7 65. Qf2 Qxf2+ 66.
Kxf2 Kd6 67. Nc2 Ke5 68. Ke3 f5 69. Nd4 f4+ 70. Ke2 Bd5 71. a4 a5 72. Kd3 b6 73.
b4 Be4+ 74. Kc4 Bd5+ 75. Kb5 axb4 76. Kxb4 Kd6 77. Kb5 Kc7 78. a5 bxa5 79. Kxa5
f3 1/2-1/2

[Event "World Rapid 2019"]
[Site "Moscow RUS"]
[Date "2019.12.27"]
[Round "10.22"]
[White "Wojtaszek, Radoslaw"]
[Black "Riazantsev, Alexander"]
[Result "1/2-1/2"]
[WhiteTitle "GM"]
[BlackTitle "GM"]
[WhiteElo "2725"]
[BlackElo "2639"]
[WhiteFideId "1118358"]
[BlackFideId "4125029"]
[EventDate "2019.12.26"]

1. d4 d5 2. c4 e6 3. Nc3 Nf6 4. cxd5 exd5 5. Bg5 Bb4 6. e3 h6 7. Bh4 g5 8. Bg3
Ne4 9. Ne2 h5 10. h4 Nxg3 11. Nxg3 gxh4 12. Nxh5 c6 13. Bd3 Qg5 14. Nf4 Nd7 15.
Qc2 Nf6 16. O-O-O Rh6 17. Kb1 Bd6 18. Nce2 Bd7 19. Rdg1 O-O-O 20. Nh3 Qg7 21.
Bf5 Kb8 22. Bxd7 Nxd7 23. Nhf4 Nf6 24. Nd3 Rg8 25. Ka1 Qh7 26. Kb1 Ne4 27. Kc1
Qg7 28. Nef4 Qf6 29. Rh2 Qg5 30. Rgh1 Rgh8 31. Qe2 Qf6 32. Qg4 Bxf4 33. Qxf4+
Qxf4 34. exf4 f6 35. Rh3 Nd6 36. g4 Nb5 37. g5 Rg6 38. Rxh4 Rxh4 39. Rxh4 fxg5
40. Rh8+ Kc7 41. Ne5 Rf6 42. fxg5 Rxf2 43. g6 Rg2 44. Rh7+ Kd6 45. g7 Ke6 46.
Nf3 Nd6 47. Nh4 Rg1+ 48. Kc2 Kf7 49. g8=Q+ Kxg8 50. Rd7 Nb5 51. Nf5 Rf1 52. a4
Rxf5 53. axb5 cxb5 1/2-1/2

[Event "World Rapid 2019"]
[Site "Moscow RUS"]
[Date "2019.12.27"]
[Round "10.23"]
[White "Ganguly, Surya Shekhar"]
[Black "Salem, A.R. Saleh"]
[Result "1/2-1/2"]
[WhiteTitle "GM"]
[BlackTitle "GM"]
[WhiteElo "2633"]
[BlackElo "2675"]
[WhiteFideId "5002150"]
[BlackFideId "9301348"]
[EventDate "2019.12.26"]

1. e4 c5 2. Nf3 d6 3. d4 cxd4 4. Nxd4 Nf6 5. Nc3 a6 6. Be3 Ng4 7. Bc1 Nf6 8. Be3
Ng4 9. Bg5 h6 10. Bc1 Nf6 11. Bd3 e6 12. O-O Be7 13. f4 Qc7 14. Qe2 Nbd7 15. a4
b6 16. Bd2 Bb7 17. Rae1 Qc5 18. Be3 Qc7 19. Bd2 Qc5 20. Be3 Qc7 21. Kh1 Nc5 22.
Bd2 O-O 23. b4 Nxd3 24. cxd3 Rfc8 25. Rc1 Qd8 26. Be3 Rc7 27. f5 Qd7 28. fxe6
fxe6 29. Nf3 1/2-1/2

[Event "World Rapid 2019"]
[Site "Moscow RUS"]
[Date "2019.12.27"]
[Round "10.24"]
[White "Smirin, Ilia"]
[Black "Safarli, Eltaj"]
[Result "1-0"]
[WhiteTitle "GM"]
[BlackTitle "GM"]
[WhiteElo "2607"]
[BlackElo "2601"]
[WhiteFideId "2801990"]
[BlackFideId "13402129"]
[EventDate "2019.12.26"]

1. e4 e5 2. Nf3 Nc6 3. Bb5 a6 4. Ba4 d6 5. c4 Bg4 6. Nc3 Nf6 7. h3 Bxf3 8. Qxf3
Nd7 9. Bxc6 bxc6 10. d3 g6 11. Be3 Bg7 12. O-O-O a5 13. g4 a4 14. Ne2 a3 15. b3
Nf8 16. h4 Ne6 17. h5 Qf6 18. Qg3 Nf4 19. Kd2 g5 20. Rc1 d5 21. cxd5 cxd5 22.
Qf3 O-O 23. h6 Bh8 24. exd5 Ra5 25. Nc3 Rd8 26. b4 Raa8 27. Qe4 c6 28. Bxf4 exf4
29. dxc6 Rd4 30. Qf5 Qe7 31. Nd5 Rxd5 32. Qxd5 Qxb4+ 33. Ke2 f3+ 34. Kxf3 Qf4+
35. Kg2 Qxg4+ 36. Kf1 Re8 37. c7 Bc3 38. f3 Qg3 39. Qe4 1-0

[Event "World Rapid 2019"]
[Site "Moscow RUS"]
[Date "2019.12.27"]
[Round "10.25"]
[White "Sethuraman, S.P."]
[Black "Jobava, Baadur"]
[Result "0-1"]
[WhiteTitle "GM"]
[BlackTitle "GM"]
[WhiteElo "2638"]
[BlackElo "2604"]
[WhiteFideId "5021596"]
[BlackFideId "13601520"]
[EventDate "2019.12.26"]

1. e4 e5 2. Nf3 Nf6 3. Nxe5 d6 4. Nf3 Nxe4 5. d4 d5 6. Bd3 Bd6 7. O-O O-O 8. c4
c6 9. Qc2 Na6 10. a3 f5 11. Nc3 Be6 12. Qb3 Nc7 13. c5 Be7 14. Qxb7 Rb8 15. Qxa7
Ra8 16. Qb6 Rb8 17. Qa5 Ra8 18. Qb4 Bf6 19. Qb3 Bf7 20. Qc2 Ne6 21. Ne2 Qc7 22.
Be3 g5 23. Ne5 f4 24. Bd2 Nxd4 25. Nxd4 Bxe5 26. Bxe4 dxe4 27. Qxe4 Bd5 28. Qd3
Rad8 29. Bc3 f3 30. g3 Qc8 31. Rfe1 Bh8 32. Re7 Qh3 33. Qf1 Qxf1+ 34. Rxf1 Bc4
35. Rd1 Rf5 36. Nxf5 Rxd1+ 37. Re1 Rxe1+ 38. Bxe1 Bxb2 39. a4 Kf8 40. a5 Ba3 41.
Nd4 Bd5 42. a6 Bxc5 43. Bc3 Ke8 44. g4 Kd7 45. Nf5 Bc4 46. Bd2 Bxa6 47. Bxg5 Bd3
48. h4 Ke6 49. Be3 Bxe3 50. Nxe3 Ke5 51. Kh2 Kf4 52. Kh3 c5 53. Nd5+ Ke4 54.
Nc3+ Kd4 55. Nd1 c4 56. Kg3 Be4 57. Kf4 Bd5 58. Ne3 c3 59. g5 Be4 60. h5 c2 61.
Nxc2+ Bxc2 62. g6 h6 63. Kxf3 Ke5 64. Kg4 Bf5+ 65. Kg3 Be6 66. f4+ Ke4 67. g7
Kf5 0-1

[Event "World Rapid 2019"]
[Site "Moscow RUS"]
[Date "2019.12.27"]
[Round "10.26"]
[White "Inarkiev, Ernesto"]
[Black "Bartel, Mateusz"]
[Result "1/2-1/2"]
[WhiteTitle "GM"]
[BlackTitle "GM"]
[WhiteElo "2663"]
[BlackElo "2634"]
[WhiteFideId "4162722"]
[BlackFideId "1112635"]
[EventDate "2019.12.26"]

1. d4 d5 2. c4 c6 3. Nf3 Nf6 4. e3 Bf5 5. Nc3 e6 6. Nh4 Be4 7. f3 Bg6 8. Nxg6
hxg6 9. g3 Bd6 10. Kf2 Qe7 11. Kg2 O-O 12. Qb3 c5 13. cxd5 exd5 14. Nxd5 Nxd5
15. Qxd5 Nc6 16. Bd2 Rfd8 17. Qb3 cxd4 18. e4 Bb4 19. Rd1 Bxd2 20. Rxd2 Rac8 21.
Bd3 a6 22. Qb6 Ne5 23. Rhd1 Rc6 24. Qb3 b5 25. a4 Nc4 26. axb5 axb5 27. Bxc4
bxc4 28. Qa4 Qb7 29. Qa5 Ra8 30. Qd5 d3 31. b3 cxb3 32. Rb1 Qb4 33. Rxd3 Ra2+
34. Kh3 Rcc2 35. Qd8+ Qf8 36. Qxf8+ Kxf8 37. Rbxb3 Rxh2+ 38. Kg4 Rab2 39. Rd8+
Ke7 40. Rbd3 Rb7 41. Rg8 Rb5 42. Rdd8 f5+ 43. Kg5 Rg2 44. Rge8+ Kf7 45. e5 Rxg3+
46. Kf4 Rg1 47. Rf8+ Ke7 48. Rfe8+ Kf7 49. Rf8+ Ke7 50. Rfe8+ 1/2-1/2

[Event "World Rapid 2019"]
[Site "Moscow RUS"]
[Date "2019.12.27"]
[Round "10.27"]
[White "Geller, Jakov"]
[Black "Alekseenko, Kirill"]
[Result "1-0"]
[WhiteTitle "GM"]
[BlackTitle "GM"]
[WhiteElo "2521"]
[BlackElo "2704"]
[WhiteFideId "4151984"]
[BlackFideId "4135539"]
[EventDate "2019.12.26"]

1. e4 e5 2. Nf3 Nc6 3. Bc4 Bc5 4. d3 Nf6 5. O-O O-O 6. Re1 d6 7. c3 h6 8. a4 a5
9. Nbd2 Ba7 10. h3 Ne7 11. Nf1 Ng6 12. Ng3 c6 13. Bb3 Be6 14. d4 Qd7 15. Be3
exd4 16. Bxd4 Bxd4 17. cxd4 Bxb3 18. Qxb3 Rfe8 19. Rad1 d5 20. e5 Nh7 21. Qc2
Ne7 22. Nh4 Nf8 23. Nhf5 Ne6 24. Re3 Ng6 25. Nh5 Kh8 26. Rg3 Rg8 27. Qd2 Nef4
28. Nfxg7 Rxg7 29. Nxg7 Kh7 30. h4 Rg8 31. h5 Rxg7 32. hxg6+ Nxg6 33. Qc2 Kg8
34. Rdd3 Qf5 35. Rc3 Qf4 36. e6 Qxd4 37. exf7+ Kxf7 38. Rcf3+ Nf4 39. Qf5+ 1-0